Kosmopolitische Pioniere : »Inder_innen der zweiten Generation« aus der Schweiz zwischen Assimilation, Exotik und globaler Moderne.

Bibliographic Details
Main Author: Jain, Rohit.
Format: eBook
Language:German
Published: Bielefeld : transcript, 2018.
Edition:1st ed.
Series:Kultur und soziale Praxis
Subjects:
Online Access:Click to View
LEADER 02354nam a22003853i 4500
001 EBC6760966
003 MiAaPQ
005 20231204023219.0
006 m o d |
007 cr cnu||||||||
008 231204s2018 xx o ||||0 ger d
020 |a 9783839441336  |q (electronic bk.) 
020 |z 9783837641332 
035 |a (MiAaPQ)EBC6760966 
035 |a (Au-PeEL)EBL6760966 
035 |a (OCoLC)1059263457 
040 |a MiAaPQ  |b eng  |e rda  |e pn  |c MiAaPQ  |d MiAaPQ 
100 1 |a Jain, Rohit. 
245 1 0 |a Kosmopolitische Pioniere :  |b »Inder_innen der zweiten Generation« aus der Schweiz zwischen Assimilation, Exotik und globaler Moderne. 
250 |a 1st ed. 
264 1 |a Bielefeld :  |b transcript,  |c 2018. 
264 4 |c {copy}2018. 
300 |a 1 online resource (322 pages) 
336 |a text  |b txt  |2 rdacontent 
337 |a computer  |b c  |2 rdamedia 
338 |a online resource  |b cr  |2 rdacarrier 
490 1 |a Kultur und soziale Praxis 
505 0 |a Intro -- Inhalt -- Abkürzungsverzeichnis -- Vorwort und Danksagung -- 1. Einleitung -- TEIL A: ASSIMILATION UND „LEBEN ZWISCHEN DEN WELTEN" -- 2. Die Geburt der „zweiten Generation" im Assimilationismus -- 3. „Zwischen den Welten"? - die „Migrationsfamilie" als semantischer Topos und soziale Arena -- TEIL B: EXOTIK UND GLOBALE INDISCHE MODERNE -- 4. „Grüezi India" - warenförmige Anerkennung und Exotisierung Indiens in der urbanen Schweiz -- 5. Yoga, Bollywood und IT - ethnic entrepreneurship, Identitätskonsum und neue Gemeinschaften -- 6. „Swiss Indian Dreams" - diasporische Subjektivitäten, globaler Kapitalismus und soziale Ungleichheit im „neuen Indien" -- 7. Schlusswort: Kosmopolitische Ethiken in einem dezentralen globalen Kapitalismus -- 8. Bibliografie. 
588 |a Description based on publisher supplied metadata and other sources. 
590 |a Electronic reproduction. Ann Arbor, Michigan : ProQuest Ebook Central, 2023. Available via World Wide Web. Access may be limited to ProQuest Ebook Central affiliated libraries.  
655 4 |a Electronic books. 
776 0 8 |i Print version:  |a Jain, Rohit  |t Kosmopolitische Pioniere  |d Bielefeld : transcript,c2018  |z 9783837641332 
797 2 |a ProQuest (Firm) 
830 0 |a Kultur und soziale Praxis 
856 4 0 |u https://ebookcentral.proquest.com/lib/matrademy/detail.action?docID=6760966  |z Click to View